000
002670000a22000970004500
100
1
_a
Da Silveira, Abival Pires
245
1
0
_a
Prospect : Priorites for the future
300
_a
Vol. 46, Num 4 (Diciembre, 1996), Páginas 157-159
773
0
_t
Reformed World
942
_c
ANA
999
_c
55469
_d
55469